| 000 | 00934nam a22002177a 4500 | ||
|---|---|---|---|
| 003 | OSt | ||
| 005 | 20250911154640.0 | ||
| 008 | 240215b ||||| |||| 00| 0 eng d | ||
| 040 | _c0 | ||
| 082 | _aDPer 621.317 Ie21 May 2022 v. 37 n. 5 | ||
| 100 |
_aPoon, Jason. _eauthor. _952515 |
||
| 245 |
_aReal-time selective harmonic minimization using a hybrid analog/digital computing method / _cJason Poon, Mohit Sinha, Sairaj V. Dhople, and Juan Rivas-Davila. |
||
| 260 |
_aNew York ; _bThe Institute of Electrical and Electronics Engineers, Inc. , _cMay 2022. |
||
| 300 |
_aVolume 37, pages 5078-5088 : _billustration ; _c28 cm. |
||
| 500 | _aIEEE Transactions on Power Electronics, vol. 37, no. 5, pages 5078-5088, May 2022. | ||
| 700 |
_aPoon, Jason. _eauthor. _952515 |
||
| 700 |
_aSinha, Mohit. _eauthor. _952516 |
||
| 700 |
_aDhople, Sairaj V. _eauthor. _952517 |
||
| 700 |
_aRivas-Davila, Juan. _eauthor. _952518 |
||
| 942 |
_2ddc _cPER |
||
| 999 |
_c19173 _d19173 |
||